Ngôn ngữ lập trình hướng đối tượng với C++

Hướng đối tượng là 1 loại phương pháp được sử dụng để xây dựng 1 ứng dụng phần mềm. Phương pháp hướng đối tượng trong việc phát triển phần mềm này xoay quanh khái niệm đối tượng....

Deskribapen osoa

Gorde:
Xehetasun bibliografikoak
Egile nagusia: Hoàng, Trung Sơn
Formatua: Liburua
Hizkuntza:Undetermined
Argitaratua: Hà Nội Khoa học và Kỹ thuật 2006
Gaiak:
Etiketak: Etiketa erantsi
Etiketarik gabe, Izan zaitez lehena erregistro honi etiketa jartzen!
Thư viện lưu trữ: Trung tâm Học liệu Trường Đại học Cần Thơ
LEADER 00979nam a2200205Ia 4500
001 CTU_176625
008 210402s9999 xx 000 0 und d
020 |c 63000 
082 |a 005.133 
082 |b S410 
100 |a Hoàng, Trung Sơn 
245 0 |a Ngôn ngữ lập trình hướng đối tượng với C++ 
245 0 |c Hoàng Trung Sơn, Bùi Thị Xuyến (Biên soạn) 
260 |a Hà Nội 
260 |b Khoa học và Kỹ thuật 
260 |c 2006 
520 |a Hướng đối tượng là 1 loại phương pháp được sử dụng để xây dựng 1 ứng dụng phần mềm. Phương pháp hướng đối tượng trong việc phát triển phần mềm này xoay quanh khái niệm đối tượng. 
650 |a Ngôn ngữ lập trình,C ( computer program language ) 
904 |i Minh Tâm 
980 |a Trung tâm Học liệu Trường Đại học Cần Thơ